Los sueños de mis fantasmas / (Record no. 10843)

MARC details
000 -CABECERA
campo de control de longitud fija 01031nam a22002657a 4500
001 - NÚMERO DE CONTROL
campo de control BRCA_9224
003 - IDENTIFICADOR DEL NÚMERO DE CONTROL
campo de control FranzMayer
005 - FECHA Y HORA DE LA ÚLTIMA TRANSACCIÓN
campo de control 20230717132830.0
008 - DATOS DE LONGITUD FIJA--INFORMACIÓN GENERAL
campo de control de longitud fija 220909b |||||||| |||| 00| 0 eng d
020 ## - NÚMERO INTERNACIONAL ESTÁNDAR DEL LIBRO
Número Internacional Estándar del Libro 9788413404189
040 ## - FUENTE DE LA CATALOGACIÓN
Lengua de catalogación spa
Centro/agencia transcriptor MFM
041 ## - CÓDIGO DE LENGUA
Código de lengua del texto/banda sonora o título independiente spa
050 ## - SIGNATURA TOPOGRÁFICA DE LA BIBLIOTECA DEL CONGRESO
Número de clasificación PN4305.C7
Número de documento/Ítem V35 2021
100 ## - ENTRADA PRINCIPAL--NOMBRE DE PERSONA
Nombre de persona Vallejo Moreu, Irene
9 (RLIN) 28536
245 1# - MENCIÓN DE TÍTULO
Título Los sueños de mis fantasmas /
Mención de responsabilidad, etc. Irene Vallejo Moreu
260 ## - PUBLICACIÓN, DISTRIBUCIÓN, ETC.
Lugar de publicación, distribución, etc. Zaragoza, España :
Nombre del editor, distribuidor, etc. Facultad de Filosofía y Letras, Universidad de Zaragoza,
Fecha de publicación, distribución, etc. 2021
300 ## - DESCRIPCIÓN FÍSICA
Extensión 22 p. :
Dimensiones 14.5 x 21.5 cm.
500 ## - NOTA GENERAL
Nota general L60/N5
520 ## - SUMARIO, ETC.
Sumario, etc. "Los sueños de mis fantasmas" de Irene Vallejo Moreu, es un discurso como Alumna Distinguida de la Facultad de Filosofía y Letras de la Universidad de Zaragoza
600 ## - PUNTO DE ACCESO ADICIONAL DE MATERIA--NOMBRE DE PERSONA
Nombre de persona Vallejo Moreu, Irene
Subdivisión de forma Discursos
9 (RLIN) 28537
610 ## - PUNTO DE ACCESO ADICIONAL DE MATERIA--NOMBRE DE ENTIDAD CORPORATIVA
Nombre de entidad corporativa o nombre de jurisdicción como elemento de entrada Universidad de Zaragoza.‏ ‎
Unidad subordinada Facultad de Filosofía y Letras
9 (RLIN) 28538
650 ## - PUNTO DE ACCESO ADICIONAL DE MATERIA--TÉRMINO DE MATERIA
Término de materia o nombre geográfico como elemento de entrada Discursos universitarios
9 (RLIN) 28539
942 ## - ELEMENTOS DE PUNTO DE ACCESO ADICIONAL (KOHA)
Fuente del sistema de clasificación o colocación Library of Congress Classification
Tipo de ítem Koha Libros
Holdings
Estado de retiro Estado de pérdida Fuente del sistema de clasificación o colocación Estado dañado No para préstamo Código de colección Localización permanente Ubicación/localización actual Fecha de adquisición Fuente de adquisición Total de préstamos Signatura topográfica completa Código de barras Fecha visto por última vez Número de copia Precio válido a partir de Tipo de ítem Koha
El ejemplar forma parte de la colección y puede ser consultado según las políticas vigentes.   Library of Congress Classification     Fondo Contemporáneo Biblioteca del Museo Franz Mayer (Rogerio Casas-Alatriste) Biblioteca del Museo Franz Mayer (Rogerio Casas-Alatriste) 09/09/2022 Donación   PN4305.C7 V35 2021 CONT10012 09/09/2022 1 09/09/2022 Libros